Played For Norwich City & Ipswich Town - Statistics

General Stats
  • This quiz has been taken 13 times
  • The average score is 3 of 12
Answer Stats
Answer % Correct
Marcelino Núñez
100%
Andy Marshall
55%
Ben Godfrey
55%
Liam Gibbs
45%
Brandon Williams
36%
Alan Lee
18%
Jordan Rhodes
18%
Tom Adeyemi
9%
David Healy
0%
David Wright
0%
Kevin Lisbie
0%
Matthew Bates
0%
No matching quizzes found
Score Distribution
Percent of People with Each Score
Percentile by Number Answered
Your Score History
You have not taken this quiz